مكتبة جامعة عجلون الوطنية

فهرس بحث المكتبة

البيع والشراء عبر الإنترنت (Record no. 22453)

MARC details
000 -LEADER
fixed length control field 00832nam a2200205Ii 4500
003 - CONTROL NUMBER IDENTIFIER
control field JO-AjNU
008 - FIXED-LENGTH DATA ELEMENTS--GENERAL INFORMATION
fixed length control field 230605s9999||||xx |||||||||||||| ||und||
040 ## - CATALOGING SOURCE
Original cataloging agency JO-AjNU
Language of cataloging ara
Description conventions rda
Transcribing agency JO-AjNU
041 ## - LANGUAGE CODE
Language code of text/sound track or separate title ara
050 14 - LIBRARY OF CONGRESS CALL NUMBER
Classification number K845.E44.S29.2008
100 3# - MAIN ENTRY--PERSONAL NAME
Personal name الصيرفي ، محمد,
Relator term author
9 (RLIN) 43857
245 00 - TITLE STATEMENT
Title البيع والشراء عبر الإنترنت
250 ## - EDITION STATEMENT
Edition statement (د،ط)
264 31 - PRODUCTION, PUBLICATION, DISTRIBUTION, MANUFACTURE, AND COPYRIGHT NOTICE
Place of production, publication, distribution, manufacture القاهرة : المكتب الجامعي الحديث ، 2008
300 ## - PHYSICAL DESCRIPTION
Extent 390ص
336 ## - CONTENT TYPE
Content type term text
Content type code txt
Source rdacontent
337 ## - MEDIA TYPE
Media type term unmediated
Media type code n
Source rdamedia
338 ## - CARRIER TYPE
Carrier type term volume
Carrier type code nc
Source rdacarrier
650 #4 - SUBJECT ADDED ENTRY--TOPICAL TERM
Topical term or geographic name entry element التعاقد عبر الانترنت -- العقود الالكترونية -- البيع -- قوانين وتشريعات -- تجارة -- معالجة آلية -- انترنت (شبكة حاسوب )
9 (RLIN) 43858
Holdings
Withdrawn status Lost status Source of classification or shelving scheme Damaged status Not for loan Home library Current library Shelving location Date acquired Total Checkouts Full call number Barcode Date last seen Price effective from Koha item type
    Library of Congress Classification     مكتبة جامعة عجلون الوطنية مكتبة جامعة عجلون الوطنية المجموعات العامة 06/06/2023   K845.E44.S29.2008 A18885 06/06/2023 06/06/2023 Books